Science Quiz

Random Science Quiz

Top 15 U.S.A states for Bigfoot sightings(reported) Quiz Stats

 Plays Quiz not verified by Sporcle

Score 0/15 Timer 02:00
0 Plays Today
Answer % Correct
California
82.4%
Washington
79.4%
Oregon
70.6%
Florida
67.6%
Ohio
61.8%
New York
58.8%
Pennsylvania
55.9%
Michigan
52.9%
Answer % Correct
North Carolina
50%
Illinois
44.1%
Colorado
44.1%
Kentucky
44.1%
Missouri
38.2%
Tennessee
35.3%
Arkansas
32.4%

You're not logged in!

Compare scores with friends on all Sporcle quizzes.
OR
Log In

Show Comments

Extras

Top Quizzes Today


Score Distribution

Your Account Isn't Verified!

In order to create a playlist on Sporcle, you need to verify the email address you used during registration. Go to your Sporcle Settings to finish the process.

Report this User

Report this user for behavior that violates our Community Guidelines.

Details: